| 000 | 01149nam0a22002771 4500 | ||
|---|---|---|---|
| 001 | rc\2573280 | ||
| 005 | 20250623113213.0 | ||
| 035 | _a(NLR Aleph) 006737981 | ||
| 090 |
_a5613877 _c5613877 |
||
| 100 | _a20110914d1928 |||y0rusy50 ca | ||
| 101 | 0 | _arus | |
| 102 | _aRU | ||
| 105 | _aa z ||||| | ||
| 200 | 1 |
_aЗадачи по деталям машин (со включением задач на перевод формул в другие меры) _eС 396 черт. в тексте _fА. И. Сидоров, проф. |
|
| 205 | _a2-е изд., значительно доп. | ||
| 210 |
_aМосква _cГос. технич. изд-во _d1928 _eЛенинград _gтипо-лит. "Красный печатник" |
||
| 215 |
_a128 с. _cил., черт. _d27х18 см. |
||
| 225 | 1 |
_aБ. Серия 4. Инженерно-промышленная библиотека _v№ V-29 |
|
| 700 | 1 |
_aСидоров _bА.И. _f1866-1931 _gАнатолий Иванович |
|
| 801 | 0 |
_aRU _bNLR _gpsbo |
|
| 801 | 1 |
_aRU _bELAR _2rusmarc |
|
| 852 |
_aNLR _j17.148.1.39/29 |
||
| 852 |
_aNLR _j18.390.3.14 |
||
| 942 | _cBOOK | ||
| 980 | _aNB | ||